El buen gobierno deportivo ¿Un ejercicio de responsabilidad social?

Detalles Bibliográficos
Autor principal: Garca̕ Caba, Miguel Mara̕
Formato: eBook
Lenguaje:español
Publicado: Madrid : Dykinson, 2012
Materias:
Acceso en línea:http://vlex.com/source/6953

MARC

LEADER 00000nam a22000007a 4500
005 20130115170238.0
007 cr|||| ||||
008 130115e2012 sp |||||s|||| 00||0 spa d
020 |a 978-84-15455-37-0 
035 |a 6953 
040 |a vLex 
090 |c 3520  |d 3520 
100 1 0 |a Garca̕ Caba, Miguel Mara̕ 
245 1 3 |a El buen gobierno deportivo  |b ¿Un ejercicio de responsabilidad social?  |h [Recurso electrn̤ico] 
256 |a Servicio en ln̕ea 
260 |a Madrid :  |b Dykinson,  |c 2012 
300 |a 1 Recurso electrn̤ico 
650 0 4 |2 Ética empresarial 
650 0 4 |a Empresas 
740 |a vLex Libros (Servicio en ln̕ea) 
856 |a Acceso restringido  |u http://vlex.com/source/6953 
942 |c BOOK 
999 0 |a Social responsability of business